| 000 | 00991nam a22002651 4500 | ||
|---|---|---|---|
| 001 | 140959 | ||
| 003 | ES-MaACL | ||
| 005 | 20250824231149.0 | ||
| 007 | t| | ||
| 008 | 070918s1963 sp ||||0| spa d | ||
| 016 | 7 | _zIND2000945584 | |
| 040 |
_aM-BN _bspa _cCDM |
||
| 080 | _a111(04) | ||
| 100 | 1 |
_aWilhelmsen, Frederick D. _9116845 |
|
| 245 | 1 | 3 |
_aEl problema de la trascendencia en la metafísica actual / _cFrederik D. Wilhelmsen. |
| 260 |
_aMadrid : _bRialp, _c1963. |
||
| 300 |
_a89 p. ; _c22 cm. |
||
| 490 | 1 | _aPublicaciones de la Facultad de Filosofía y Letras de la Universidad de Navarra. Colección filosófica | |
| 650 | 1 | 4 |
_aTrascendencia. _917636 |
| 650 | 7 |
_aMetafísica _2embne _915012 |
|
| 710 | 2 |
_aUniversidad Católica de Navarra. _bFacultad de Filosofía y Letras. _97080 |
|
| 830 | 0 | 0 |
_aPublicaciones de la Facultad de Filosofía y Letras de la Universidad de Navarra _9242043 |
| 852 |
_aES-MaACL _jC-25999 _bR.54483 |
||
| 999 |
_c140959 _d140959 |
||